Mull Shellfish Ltd v Golden Sea Produce Ltd (Record no. 39203)

MARC details
000 -LEADER
fixed length control field 01109cab a2200217 4500
001 - CONTROL NUMBER
control field ABS47689
008 - FIXED-LENGTH DATA ELEMENTS--GENERAL INFORMATION
fixed length control field 090401t1992 xxu||||| |||| 00| 0 eng d
035 ## - SYSTEM CONTROL NUMBER
System control number (Sirsi) u63069
041 ## - LANGUAGE CODE
Language code of text/sound track or separate title eng
245 ## - TITLE STATEMENT
Title Mull Shellfish Ltd v Golden Sea Produce Ltd
260 ## - PUBLICATION, DISTRIBUTION, ETC.
Date of publication, distribution, etc. 1992
350 ## - PRICE (NR) (BK AM CF MU VM SE) [OBSOLETE]
Price 0
490 ## - SERIES STATEMENT
Series statement Scots Law Times
Volume/sequential designation 1992 SLT 703-707(5)
520 ## - SUMMARY, ETC.
Summary, etc. Second Division 2 August 1991. M, tenants of a seabed site leased from the Crown Estate Commissioners, raised an action of damages against G who leased a neighbouring site. The action was in respect of loss attributed to actings of G resulting in damage to mussels and mussel larvae which affected M`s business. The case came before the sheriff on M`s plea to the relevancy. Held, that the express terms of the lease granted to M necessarily implied that M had the right to attract free floating mussel larvae. G failed to demonstrate that M had no title and interest to pursue the action.
650 ## - SUBJECT ADDED ENTRY--TOPICAL TERM
Topical term or geographic name entry element CROWN ESTATE
650 ## - SUBJECT ADDED ENTRY--TOPICAL TERM
Topical term or geographic name entry element LEASES
650 ## - SUBJECT ADDED ENTRY--TOPICAL TERM
Topical term or geographic name entry element SEABED SITES
690 ## - LOCAL SUBJECT ADDED ENTRY--TOPICAL TERM (OCLC, RLIN)
Topical term or geographic name as entry element LANDLORD AND TENANT-CASE LAW
942 ## - ADDED ENTRY ELEMENTS (KOHA)
Suppress in OPAC 0
948 ## - LOCAL PROCESSING INFORMATION (OCLC); SERIES PART DESIGNATOR (RLIN)
c (OCLC) 04/03/1997
Holdings
Withdrawn status Lost status Source of classification or shelving scheme Damaged status Not for loan Home library Current library Shelving location Date acquired Total Checkouts Full call number Barcode Date last seen Copy number Price effective from Koha item type
    Dewey Decimal Classification     London London Journal article 14/09/1999   ABS47689 63069-1001 06/08/2019 1 06/08/2019 Law report